| 000 | 01650nam a2200409Ia 4500 | ||
|---|---|---|---|
| 001 | ebr10662924 | ||
| 003 | CaPaEBR | ||
| 006 | m u | ||
| 007 | cr cn||||||||| | ||
| 008 | 120330s2009 nyua sb 001 0 eng d | ||
| 010 | _z 2011410821 | ||
| 020 | _z1606927892 | ||
| 020 | _z9781606927892 | ||
| 020 | _z9781612094342 | ||
| 040 |
_aCaPaEBR _cCaPaEBR |
||
| 035 | _a(OCoLC)694772610 | ||
| 050 | 1 | 4 |
_aHG2040.5.U5 _bU523 2009eb |
| 082 | 0 | 4 |
_a332.722 _223 |
| 245 | 0 | 0 |
_aUnderstanding mortgage meltdowns _h[electronic resource] / _cArlene V. Carey, editor. |
| 260 |
_aNew York : _bNova Science Publishers, _cc2009. |
||
| 300 |
_axiii, 177 p. : _bill. (some col.) |
||
| 504 | _aIncludes bibliographical references and index. | ||
| 533 |
_aElectronic reproduction. _bPalo Alto, Calif. : _cebrary, _d2013. _nAvailable via World Wide Web. _nAccess may be limited to ebrary affiliated libraries. |
||
| 650 | 0 |
_aMortgage loans _xGovernment policy _zUnited States. |
|
| 650 | 0 |
_aMortgage loans _zUnited States. |
|
| 650 | 0 |
_aSubprime mortgage loans _xGovernment policy _zUnited States. |
|
| 650 | 0 |
_aSubprime mortgage loans _zUnited States. |
|
| 650 | 0 |
_aForeclosure _zUnited States. |
|
| 650 | 0 |
_aFinancial crises _zUnited States. |
|
| 650 | 0 | _aGlobal Financial Crisis, 2008-2009. | |
| 651 | 0 |
_aUnited States _xEconomic policy _y2001-2009. |
|
| 651 | 0 |
_aUnited States _xEconomic conditions _y2001-2009. |
|
| 655 | 7 |
_aElectronic books. _2local |
|
| 700 | 1 | _aCarey, Arlene V. | |
| 710 | 2 | _aebrary, Inc. | |
| 856 | 4 | 0 |
_uhttp://site.ebrary.com/lib/rucke/Doc?id=10662924 _zAn electronic book accessible through the World Wide Web; click to view |
| 999 |
_c68856 _d68856 |
||